Understanding by design /

Bibliographic Details
Main Author: Wiggins, Grant P., 1950-
Other Authors: McTighe, Jay
Format: Book
Language:English
Published: Alexandria, VA : Association for Supervision and Curriculum Development, c2005.
Edition:Expanded Second edition.
Subjects:
Online Access:Table of contents
Classic Catalogue: View this record in Classic Catalogue
LEADER 02518nam a2200421 a 4500
001 44651
003 BD-DhAAL
005 20250831102834.0
008 250831t2005 vaua b 001 0 eng d
010 |a  2004021131 
020 |a 9781416600350 
020 |a 1416600353 
035 |a 13711980 
040 |a DLC  |c DLC  |d DLC  |d BD-DhAAL 
043 |a n-us--- 
050 0 0 |a LB2806.15  |b .W54 2005 
082 0 0 |a 375.001  |2 22 
100 1 |a Wiggins, Grant P.,  |d 1950-  |9 8781 
245 1 0 |a Understanding by design /  |c Grant Wiggins, Jay McTighe. 
250 |a Expanded Second edition. 
260 |a Alexandria, VA :  |b Association for Supervision and Curriculum Development,  |c c2005. 
300 |a xi, 370 pages :  |b illustrations ;  |c 28 cm 
504 |a Includes bibliographical references (pages 355-364) and index. 
505 0 |a Backward design -- Understanding understanding -- Gaining clarity on our goals -- The six facets of understanding -- Essential questions : doorways to understanding -- Crafting understandings -- Thinking like an assessor -- Criteria and validity -- Planning for learning -- Teaching for understanding -- The design process -- The big picture : UBD as curriculum framework -- "Yes, but--". 
526 |a LTIC  |x Professor Md. Golam Samdani Fakir, PhD Director Learning and Teaching Innovation Center (LTIC) BRAC University Course Name : Enriching LTIC for curriculum development, assessment, ethics, faculty leadership, and global education, etc. 
541 |a Karim International  |e 44651 
650 0 |a Curriculum planning  |z United States. 
650 0 |a Curriculum-based assessment  |z United States.  |9 59199 
650 0 |a Learning. 
650 0 |a Comprehension. 
650 0 |a Education. 
700 1 |a McTighe, Jay.  |9 59200 
856 4 1 |3 Table of contents  |u http://www.loc.gov/catdir/toc/ecip0422/2004021131.html 
942 |2 ddc  |c BK 
955 |a sj11 2004-09-07  |c sj11 2004-09-07;  |a aa11 2004-09-09  |a ps08 2005-04-27 1 copy rec'd., to CIP ver.; 
955 |a LCAP batch update 2025-06-01-04:00: LCAPM-644, LCAPM-150 
999 |c 47417  |d 47417 
952 |0 0  |1 0  |2 ddc  |4 0  |6 375_001000000000000_WIG  |7 0  |9 78050  |a BRACUL  |b BRACUL  |c GEN  |d 2025-08-26  |e Karim International  |g 5100.00  |l 0  |o 375.001 WIG  |p 3010044651  |r 2025-08-26  |t 1  |v 10200.00  |w 2025-08-26  |y BK  |x Requisitioned by Professor Md. Golam Samdani Fakir, PhD (Director, Learning and Teaching Innovation Center (LTIC), BRAC University) for the course named - "Enriching LTIC for curriculum development, assessment, ethics, faculty leadership, and global education, etc."